[Event "C.to Italiano Semifinale"]
[Site "San Martino di Castrozza - Siror ITA"]
[Date "2003.06.26"]
[Round "6"]
[White "Mola, Pietro"]
[Black "Scalcione, Michelangelo"]
[Result "1-0"]
[WhiteElo "2265"]
[BlackElo "2366"]
[PlyCount "135"]
[EventDate "2003.06.21"]

1. d4 d5 2. c4 c6 3. Nf3 Nf6 4. Nc3 e6 5. e3 Nbd7 6. Qc2 Bd6 7. Bd3 O-O 8. O-O
e5 9. cxd5 cxd5 10. e4 exd4 11. Nxd5 Nxd5 12. exd5 h6 13. Nxd4 Bxh2+ 14. Kxh2
Qh4+ 15. Kg1 Qxd4 16. Qc4 Qxc4 17. Bxc4 Ne5 18. Bb3 Bf5 19. Be3 Nd3 20. Rab1 b6
21. Rfd1 Rac8 22. Kf1 Rfd8 23. f3 Re8 24. Bd4 Nf4 25. Rbc1 Bd3+ 26. Kf2 Rxc1
27. Rxc1 Re2+ 28. Kg3 g5 29. Rg1 Bf5 30. Bd1 Rd2 31. Be3 Nh5+ 32. Kh2 Rxb2 33.
Bb3 Re2 34. Bc1 Nf6 35. Rd1 g4 36. fxg4 Nxg4+ 37. Kg3 Nf2 38. Rd4 Nd3 39. Bxh6
Be4 40. d6 Rxg2+ 41. Kh4 Nf2 42. Rxe4 Nxe4 43. d7 Rh2+ 44. Kg4 Nf6+ 45. Kg3
Nxd7 46. Kxh2 Kh7 47. Bf4 Kg6 48. Kg3 Kf6 49. Kf3 Ke7 50. Ke3 Nc5 51. Bd5 f6
52. Bb8 Kd7 53. Bg3 Kc8 54. Kd4 a6 55. Bd6 Nd7 56. Be6 Kd8 57. Kd5 Ne5 58. Bxe5
fxe5 59. Kc6 b5 60. Kb6 b4 61. Kxa6 Ke7 62. Bg4 Kd6 63. Bf3 Kc7 64. Kb5 Kb8 65.
Be4 Ka7 66. Kxb4 Ka6 67. a4 Kb6 68. a5+ 1-0

[Event "C.to Italiano Semifinale"]
[Site "San Martino di Castrozza - Siror ITA"]
[Date "2003.06.26"]
[Round "6"]
[White "Passerotti, Pierluigi"]
[Black "Campanile, Roberto"]
[Result "1-0"]
[WhiteElo "2278"]
[BlackElo "2184"]
[PlyCount "81"]
[EventDate "2003.06.21"]

1. d4 Nf6 2. c4 g6 3. Nc3 Bg7 4. e4 d6 5. Be2 O-O 6. Nf3 e5 7. O-O Nc6 8. d5
Ne7 9. Ne1 Nd7 10. f3 f5 11. Nd3 Nf6 12. c5 f4 13. Bd2 g5 14. Rc1 Ne8 15. b4
Kh8 16. Nf2 h5 17. a4 Ng8 18. Nb5 Rf7 19. Rc2 Bf6 20. Qa1 Rg7 21. cxd6 cxd6 22.
Rfc1 a6 23. Na3 g4 24. fxg4 hxg4 25. g3 Bd7 26. Nc4 Rg6 27. a5 Bg7 28. Nb6 Ngf6
29. Nxa8 Qxa8 30. Rc3 Nh5 31. Qb2 Bf6 32. b5 Bd8 33. bxa6 bxa6 34. Rb3 fxg3 35.
hxg3 Nxg3 36. Rxg3 Bh4 37. Kg2 Kg7 38. Rh1 Qd8 39. Rb3 g3 40. Nd1 Qf6 41. Rb7
1-0

[Event "C.to Italiano Semifinale"]
[Site "San Martino di Castrozza - Siror ITA"]
[Date "2003.06.26"]
[Round "6"]
[White "Pechy, Alaster"]
[Black "Guclu, Yaman"]
[Result "1/2-1/2"]
[WhiteElo "2115"]
[BlackElo "1771"]
[PlyCount "56"]
[EventDate "2003.06.21"]

1. d4 Nf6 2. c4 g6 3. Nc3 Bg7 4. e4 d6 5. f3 O-O 6. Be3 Nc6 7. Nge2 a6 8. Qd2
Rb8 9. Nc1 e5 10. d5 Nd4 11. N1e2 c5 12. dxc6 Nxc6 13. Nc1 Be6 14. Bd3 Nd4 15.
N1e2 Nd7 16. b4 Rc8 17. Nd5 b5 18. cxb5 Bxd5 19. Bxd4 exd4 20. exd5 axb5 21.
O-O Ne5 22. Kh1 Qb6 23. a4 Nc4 24. Bxc4 bxc4 25. a5 c3 26. Qxc3 dxc3 27. axb6
Rb8 28. Ra6 Rfe8 1/2-1/2

[Event "C.to Italiano Semifinale"]
[Site "San Martino di Castrozza - Siror ITA"]
[Date "2003.06.26"]
[Round "6"]
[White "Rossato, Armando"]
[Black "Ricci, Marco"]
[Result "1/2-1/2"]
[WhiteElo "2192"]
[BlackElo "2165"]
[PlyCount "102"]
[EventDate "2003.06.21"]

1. d4 Nf6 2. Nf3 g6 3. Nc3 d5 4. Bf4 Bg7 5. e3 O-O 6. Be2 Bg4 7. h3 Bxf3 8.
Bxf3 c6 9. h4 h5 10. g4 hxg4 11. Bxg4 Nxg4 12. Qxg4 Qd7 13. Qg2 Qf5 14. O-O-O
Nd7 15. h5 e5 16. dxe5 Nxe5 17. Rdg1 Rae8 18. hxg6 fxg6 19. Ne2 Nc4 20. Qxg6
Qxg6 21. Rxg6 Kf7 22. Rxg7+ Kxg7 23. Bh6+ Kf6 24. Bxf8 Rxf8 25. Nf4 Rf7 26. b3
Ne5 27. Kd2 Rd7 28. c3 c5 29. Rh6+ Kf5 30. Nd3 Nxd3 31. Kxd3 Kg5 32. Rh8 Kf5
33. Rf8+ Ke6 34. Rf4 b5 35. Rf8 Kd6 36. f4 Re7 37. Rf6+ Kc7 38. Rh6 c4+ 39.
bxc4 bxc4+ 40. Kd4 Re4+ 41. Kxd5 Rxe3 42. Kd4 Rf3 43. Rh4 Rf2 44. Kxc4 Rxa2 45.
Rh6 Ra4+ 46. Kb5 Rxf4 47. Rh7+ Kb8 48. c4 Rf6 49. c5 Rg6 50. c6 Rg5+ 51. Ka6
Rc5 1/2-1/2

[Event "C.to Italiano Semifinale"]
[Site "San Martino di Castrozza - Siror ITA"]
[Date "2003.06.26"]
[Round "6"]
[White "Sbarra, Marco"]
[Black "Di Paolo, Raffaele"]
[Result "0-1"]
[WhiteElo "2217"]
[BlackElo "2320"]
[PlyCount "74"]
[EventDate "2003.06.21"]

1. e4 c5 2. Nf3 Nc6 3. Bb5 g6 4. Bxc6 dxc6 5. d3 Bg7 6. h3 Nf6 7. Nc3 O-O 8.
Be3 c4 9. dxc4 Be6 10. Qxd8 Rfxd8 11. c5 Nd7 12. Nd1 Bc4 13. Nd2 Ba6 14. Rb1
Nf8 15. b3 Ne6 16. Nf3 f5 17. exf5 gxf5 18. g3 Rd7 19. c4 b6 20. cxb6 axb6 21.
Ng5 Nxg5 22. Bxg5 b5 23. Ne3 h6 24. Bh4 Bc3+ 25. Ke2 Rd2+ 26. Kf3 Bb7 27. Bxe7
Raxa2 28. Rhf1 c5+ 29. Nd5 Bd4 30. g4 Rxf2+ 31. Rxf2 Rxf2+ 32. Kg3 f4+ 33. Kh4
Kf7 34. Bd6 Bxd5 35. cxd5 Kg6 36. Be7 Re2 37. d6 Bf2# 0-1

[Event "C.to Italiano Semifinale"]
[Site "San Martino di Castrozza - Siror ITA"]
[Date "2003.06.26"]
[Round "6"]
[White "Stroppa, Daniel"]
[Black "Ferri, Stefano"]
[Result "1-0"]
[WhiteElo "2279"]
[BlackElo "2069"]
[PlyCount "39"]
[EventDate "2003.06.21"]

1. d4 Nf6 2. Nf3 e6 3. e3 b6 4. Bd3 Bb7 5. O-O c5 6. c4 d5 7. cxd5 Nxd5 8. e4
Nb4 9. Bb5+ Bc6 10. Bxc6+ N4xc6 11. d5 Na5 12. Bd2 Nb7 13. dxe6 fxe6 14. Ng5
Qe7 15. Qg4 Nd8 16. Nxh7 Nf7 17. Nxf8 Kxf8 18. Bc3 Rh7 19. e5 Nd7 20. Qe4 1-0

[Event "C.to Italiano Semifinale"]
[Site "San Martino di Castrozza - Siror ITA"]
[Date "2003.06.26"]
[Round "6"]
[White "Vezzosi, Paolo"]
[Black "Sorcinelli, Francesco"]
[Result "1/2-1/2"]
[WhiteElo "2372"]
[BlackElo "1962"]
[PlyCount "53"]
[EventDate "2003.06.21"]

1. Nf3 d6 2. d4 Nf6 3. Nc3 g6 4. e4 Bg7 5. h3 O-O 6. Be3 Nbd7 7. Bc4 e5 8. dxe5
dxe5 9. O-O c6 10. Qd6 Ne8 11. Qd2 b5 12. Bb3 Qc7 13. a4 b4 14. Ne2 c5 15. Bd5
Rb8 16. c4 Nef6 17. Ng3 Nxd5 18. cxd5 Qd6 19. Rfc1 a5 20. Bh6 Bxh6 21. Qxh6 Qf6
22. Nd2 Ba6 23. Nb3 Qb6 24. Nxc5 Nxc5 25. Rxc5 Qxc5 26. Nh5 gxh5 27. Qg5+
1/2-1/2

[Event "C.to Italiano Semifinale"]
[Site "San Martino di Castrozza - Siror ITA"]
[Date "2003.07.27"]
[Round "7"]
[White "Battaglia, Edoardo"]
[Black "Damia, Angelo"]
[Result "0-1"]
[WhiteElo "1600"]
[BlackElo "1991"]
[PlyCount "38"]
[EventDate "2003.06.21"]

1. e4 c5 2. Nc3 d6 3. g3 Nc6 4. Bg2 e5 5. d3 f5 6. Be3 Nf6 7. h3 Be7 8. Nge2
Be6 9. O-O Qd7 10. Kh2 h6 11. f4 g5 12. exf5 Bxf5 13. g4 Bxg4 14. fxg5 hxg5 15.
Bxg5 Bxh3 16. Bxf6 Bxf6 17. Ne4 Bxg2+ 18. Kxg2 Qh3+ 19. Kf2 Bh4+ 0-1

[Event "C.to Italiano Semifinale"]
[Site "San Martino di Castrozza - Siror ITA"]
[Date "2003.07.27"]
[Round "7"]
[White "Campanile, Roberto"]
[Black "Drei, Andrea"]
[Result "0-1"]
[WhiteElo "2184"]
[BlackElo "2224"]
[PlyCount "102"]
[EventDate "2003.06.21"]

1. d4 Nf6 2. c4 e6 3. Nc3 Bb4 4. Qc2 O-O 5. Nf3 c5 6. dxc5 Nc6 7. Bg5 h6 8. Bh4
g5 9. Bg3 Qa5 10. Nd2 Nd4 11. Qc1 Qxc5 12. e3 e5 13. a3 Bxc3 14. Qxc3 Re8 15.
O-O-O Nf5 16. Bd3 d6 17. Ne4 Nxe4 18. Bxe4 Be6 19. Bxb7 Rab8 20. Bd5 Rec8 21.
Bxe6 fxe6 22. Rd2 Qc6 23. Rc2 Qxg2 24. Rd1 Qe4 25. Qd3 Qxd3 26. Rxd3 Kf7 27. c5
e4 28. Rdc3 Nxg3 29. fxg3 d5 30. b4 Rb5 31. c6 Ke7 32. Rc5 Rxc5 33. Rxc5 a6 34.
Kd2 Kd6 35. Rc1 Rxc6 36. Rf1 Ke7 37. g4 Rc4 38. Rb1 Kd6 39. Rf1 Ke7 40. Rb1 Kd6
41. Rf1 d4 42. Rf6 d3 43. Rxh6 Rc2+ 44. Kd1 Re2 45. h4 Rxe3 46. hxg5 Rg3 47.
Rh8 Ke5 48. Rd8 Rxg4 49. a4 Rxg5 50. b5 axb5 51. axb5 Rg2 0-1

[Event "C.to Italiano Semifinale"]
[Site "San Martino di Castrozza - Siror ITA"]
[Date "2003.07.27"]
[Round "7"]
[White "Cazzaniga, Walter"]
[Black "Passerotti, Pierluigi"]
[Result "0-1"]
[WhiteElo "2094"]
[BlackElo "2278"]
[PlyCount "80"]
[EventDate "2003.06.21"]

1. d4 d6 2. c4 e5 3. Nf3 e4 4. Ng5 f5 5. g3 h6 6. Nh3 g5 7. Ng1 Nf6 8. h4 Rg8
9. hxg5 hxg5 10. Nc3 Nc6 11. e3 Bd7 12. Bd2 Ne7 13. Qb3 Rb8 14. O-O-O c6 15. f3
d5 16. fxe4 fxe4 17. Be2 Rg6 18. Rf1 Bg7 19. cxd5 cxd5 20. Rxf6 Rxf6 21. Nxd5
Rc6+ 22. Nc3 Be6 23. Qd1 Qa5 24. Kb1 Rbc8 25. a3 Rb6 26. Ka1 Rxc3 27. Bxc3 Qd5
28. Bh5+ Kd7 29. Qb1 Nf5 30. Bg4 Nxe3 31. Bxe6+ Rxe6 32. Ne2 Qb3 33. Rc1 Nd5
34. Qa2 Qxa2+ 35. Kxa2 Bf8 36. Rh1 Bd6 37. Rh7+ Re7 38. Rh5 Rg7 39. g4 Nf4 40.
Nc1 Nxh5 0-1

[Event "C.to Italiano Semifinale"]
[Site "San Martino di Castrozza - Siror ITA"]
[Date "2003.07.27"]
[Round "7"]
[White "Cocchi, Andrea"]
[Black "Stroppa, Daniel"]
[Result "1-0"]
[WhiteElo "2311"]
[BlackElo "2279"]
[PlyCount "77"]
[EventDate "2003.06.21"]

1. g3 d5 2. Bg2 e5 3. d3 Nc6 4. Nd2 Nf6 5. c3 Bd6 6. e4 dxe4 7. dxe4 Be6 8.
Ngf3 h6 9. O-O O-O 10. Qe2 Qd7 11. Nc4 Bh3 12. Nh4 Bxg2 13. Kxg2 Rfd8 14. Rd1
Qe6 15. f3 Bf8 16. Bd2 Rd7 17. b3 Rad8 18. Nf5 Kh7 19. Be1 Rxd1 20. Rxd1 Rxd1
21. Qxd1 Qd7 22. Qe2 b5 23. Nd2 Nd8 24. Bf2 g6 25. Ne3 Ne6 26. b4 Kg7 27. Nb3
c5 28. a3 c4 29. Na5 a6 30. a4 Nd8 31. axb5 axb5 32. Qd1 Qxd1 33. Nxd1 Nd7 34.
Ba7 Bd6 35. Ne3 Kf6 36. Nc2 Ne6 37. Nc6 Nc7 38. Be3 h5 39. Na3 1-0

[Event "C.to Italiano Semifinale"]
[Site "San Martino di Castrozza - Siror ITA"]
[Date "2003.07.27"]
[Round "7"]
[White "Mola, Pietro"]
[Black "Vezzosi, Paolo"]
[Result "1-0"]
[WhiteElo "2265"]
[BlackElo "2372"]
[PlyCount "141"]
[EventDate "2003.06.21"]

1. e4 c5 2. c3 e6 3. d4 d5 4. exd5 Qxd5 5. Nf3 Nc6 6. Be2 Nf6 7. O-O cxd4 8.
cxd4 Be7 9. Nc3 Qd6 10. Nb5 Qd8 11. Bf4 Nd5 12. Bg3 a6 13. Nc3 O-O 14. Rc1 Nxc3
15. bxc3 Bf6 16. Qb3 Qa5 17. Rfd1 Rd8 18. a4 Bd7 19. Qxb7 Qxa4 20. Qb2 Ne7 21.
Ra1 Qc6 22. Ne5 Bxe5 23. Bxe5 Qc8 24. c4 f6 25. Bf4 a5 26. d5 Nf5 27. dxe6 Bxe6
28. Qb6 Rxd1+ 29. Rxd1 Kf7 30. c5 Ne7 31. Bf3 Ra6 32. Qb5 Nc6 33. Rd6 Nb4 34.
h3 Rxd6 35. Bxd6 Bd5 36. Bxd5+ Nxd5 37. Qxa5 Qb7 38. Qa2 h5 39. Qc4 Qc6 40. Kh2
g6 41. Qa2 g5 42. g3 Kg6 43. Qb1+ Kg7 44. Qe4 Qa8 45. Qe2 Kg6 46. Qc2+ Kf7 47.
c6 Nb6 48. Qe4 Qa2 49. Kg2 Qd5 50. Qxd5+ Nxd5 51. Kf3 f5 52. Ke2 Kf6 53. Kd3
Ke6 54. Ba3 g4 55. hxg4 hxg4 56. Kd4 f4 57. Kc5 fxg3 58. fxg3 Ne3 59. Bc1 Nd5
60. Bd2 Ke5 61. Ba5 Ke6 62. Bd8 Nc3 63. Kb6 Ne4 64. Bc7 Kd5 65. Bf4 Ke6 66. Kc7
Kd5 67. Kb6 Ke6 68. Kb7 Nc5+ 69. Kc8 Ke7 70. c7 Ke8 71. Kb8 1-0

[Event "C.to Italiano Semifinale"]
[Site "San Martino di Castrozza - Siror ITA"]
[Date "2003.07.27"]
[Round "7"]
[White "Ricci, Marco"]
[Black "Brignone, Roberto"]
[Result "1-0"]
[WhiteElo "2165"]
[BlackElo "2149"]
[PlyCount "75"]
[EventDate "2003.06.21"]

1. e4 e5 2. Nf3 Nc6 3. Bb5 a6 4. Bxc6 dxc6 5. O-O f6 6. d4 exd4 7. Nxd4 c5 8.
Nb3 Qxd1 9. Rxd1 Bd7 10. Bf4 O-O-O 11. Nc3 Bc6 12. Rxd8+ Kxd8 13. Na5 Ne7 14.
Rd1+ Kc8 15. Nxc6 Nxc6 16. Rd2 Bd6 17. Bxd6 cxd6 18. Rxd6 Nd4 19. Rd5 b6 20.
Na4 Kc7 21. c3 Ne2+ 22. Kf1 Nf4 23. Rd2 c4 24. Rd4 b5 25. Nc5 Kb6 26. g3 Kxc5
27. gxf4 Kc6 28. Ke2 Re8 29. Ke3 f5 30. f3 g6 31. Rd5 Re6 32. Kd4 Re7 33. e5
Re6 34. Rd8 h6 35. h4 h5 36. Rg8 Kd7 37. Kd5 Ke7 38. Rg7+ 1-0

[Event "C.to Italiano Semifinale"]
[Site "San Martino di Castrozza - Siror ITA"]
[Date "2003.07.27"]
[Round "7"]
[White "Rossi, Damiano"]
[Black "Baracchi, Filippo"]
[Result "1/2-1/2"]
[WhiteElo "1840"]
[BlackElo "1801"]
[PlyCount "67"]
[EventDate "2003.06.21"]

1. d4 Nf6 2. c4 e6 3. Nc3 d5 4. Nf3 Bb4 5. Qc2 O-O 6. Bg5 Nbd7 7. e3 b6 8. cxd5
exd5 9. Bd3 h6 10. Bh4 c5 11. O-O Qc7 12. Bg3 Qd8 13. Bd6 Re8 14. Nb5 Re6 15.
Bf5 Ba6 16. Nc7 Rxd6 17. Nxa6 Ba5 18. a3 Qc8 19. Qe2 c4 20. Nb4 Bxb4 21. axb4
Qe8 22. Rfc1 b5 23. Rc3 g6 24. Bc2 Nb8 25. Rca3 Nc6 26. Qe1 Nd7 27. b3 Nb6 28.
bxc4 Nxc4 29. R3a2 Qb8 30. e4 Re6 31. Qb1 Qd6 32. exd5 Qxd5 33. Bd3 Re7 34.
Bxc4 1/2-1/2

[Event "C.to Italiano Semifinale"]
[Site "San Martino di Castrozza - Siror ITA"]
[Date "2003.07.27"]
[Round "7"]
[White "Rossi, Giampiero"]
[Black "Pechy, Alaster"]
[Result "1/2-1/2"]
[WhiteElo "2052"]
[BlackElo "2115"]
[PlyCount "101"]
[EventDate "2003.06.21"]

1. d4 Nf6 2. c4 g6 3. g3 Bg7 4. Bg2 O-O 5. Nc3 d6 6. Nf3 Nc6 7. O-O e5 8. d5
Ne7 9. e4 Ne8 10. Ne1 f5 11. f3 Kh8 12. Nd3 Ng8 13. Qe2 Nef6 14. Bd2 Qe7 15. b4
a5 16. a3 fxe4 17. fxe4 Bg4 18. Qe1 axb4 19. axb4 Bh6 20. Bxh6 Nxh6 21. Qd2 Nf7
22. Nf2 Kg7 23. Rfe1 h6 24. Qe3 b6 25. h3 Bd7 26. Ne2 Rfb8 27. Qc3 Qf8 28. Rxa8
Rxa8 29. Ra1 Qc8 30. Kh2 Ra6 31. b5 Ra8 32. Ra3 Nd8 33. Qa1 Rxa3 34. Qxa3 Nb7
35. Nd3 Na5 36. Qb4 Nb7 37. Nxe5 Nc5 38. Nxd7 Qxd7 39. Qb2 Qe7 40. Nf4 Qe5 41.
Qe2 g5 42. Nd3 Nxd3 43. Qxd3 h5 44. Kg1 h4 45. gxh4 gxh4 46. Qe2 Kg6 47. Bf3
Qa1+ 48. Kh2 Qe5+ 49. Kg1 Qa1+ 50. Kh2 Qe5+ 51. Kg1 1/2-1/2

[Event "C.to Italiano Semifinale"]
[Site "San Martino di Castrozza - Siror ITA"]
[Date "2003.07.27"]
[Round "7"]
[White "Scalcione, Michelangelo"]
[Black "Sbarra, Marco"]
[Result "1/2-1/2"]
[WhiteElo "2366"]
[BlackElo "2217"]
[PlyCount "85"]
[EventDate "2003.06.21"]

1. Nf3 d5 2. d4 e6 3. c4 c5 4. cxd5 exd5 5. Nc3 Nc6 6. Bg5 Be7 7. Bxe7 Ngxe7 8.
e3 cxd4 9. Nxd4 Qb6 10. Qb3 Qxb3 11. Nxb3 O-O 12. Be2 Be6 13. O-O Rfd8 14. Rfd1
Ne5 15. Nd4 N7c6 16. Rac1 Rac8 17. f4 Nxd4 18. exd4 Nc4 19. b3 Nb6 20. g4 f6
21. f5 Bf7 22. Bf3 Kf8 23. Ne2 Rxc1 24. Rxc1 Ke7 25. Nf4 Kd6 26. Rc5 a6 27. Kf2
Nd7 28. Rc1 Nb8 29. Rc5 Nd7 30. Rc3 Nb8 31. Nd3 b6 32. Nb4 a5 33. Nc2 Nc6 34.
a3 Re8 35. Kg3 g6 36. Kf2 gxf5 37. gxf5 Rg8 38. h4 Ne7 39. Ne3 Nc6 40. Nc2 Ne7
41. Ne3 Nc6 42. Rd3 Ne7 43. Rc3 1/2-1/2

[Event "C.to Italiano Semifinale"]
[Site "San Martino di Castrozza - Siror ITA"]
[Date "2003.07.27"]
[Round "7"]
[White "Sorcinelli, Francesco"]
[Black "Contini, Luca"]
[Result "0-1"]
[WhiteElo "1962"]
[BlackElo "2337"]
[PlyCount "62"]
[EventDate "2003.06.21"]

1. e4 c5 2. Nc3 e6 3. f4 d5 4. Bb5+ Bd7 5. Qe2 d4 6. Bxd7+ Qxd7 7. Nd1 Nc6 8.
d3 Be7 9. Nf3 Nf6 10. O-O O-O 11. Nf2 b5 12. g4 Qc7 13. Kh1 Nd7 14. Rg1 Rfe8
15. g5 c4 16. dxc4 bxc4 17. Qxc4 Nb6 18. Qe2 Red8 19. Bd2 Rab8 20. Ng4 Na4 21.
b3 Nc5 22. Nfe5 Nxe5 23. fxe5 d3 24. Qf3 dxc2 25. Nh6+ gxh6 26. gxh6+ Kh8 27.
Qxf7 Qxe5 28. Bc3 Qxc3 29. Raf1 Rg8 30. Rxg8+ Rxg8 31. Qxe7 Qf3+ 0-1

[Event "C.to Italiano Semifinale"]
[Site "San Martino di Castrozza - Siror ITA"]
[Date "2003.07.27"]
[Round "7"]
[White "Valenti, Giuseppe"]
[Black "Ferri, Stefano"]
[Result "1/2-1/2"]
[WhiteElo "2226"]
[BlackElo "2069"]
[PlyCount "67"]
[EventDate "2003.06.21"]

1. e4 c6 2. d4 d5 3. Nd2 dxe4 4. Nxe4 Nd7 5. Bc4 Ngf6 6. Ng5 e6 7. Qe2 Nb6 8.
Bb3 h6 9. N5f3 a5 10. c3 a4 11. Bc2 c5 12. dxc5 Bxc5 13. Ne5 Qc7 14. Ngf3 a3
15. b3 Nfd5 16. Bd2 Bd6 17. c4 Nb4 18. Bb1 Nd7 19. Ng4 h5 20. Ne3 Ne5 21. Nd4
Bd7 22. h3 Qc5 23. Bc3 b5 24. O-O Rc8 25. Bxb4 Qxb4 26. Nxb5 Bxb5 27. cxb5 Qf4
28. g3 Nf3+ 29. Kg2 Nh4+ 30. Kg1 Qf3 31. Qxf3 Nxf3+ 32. Kg2 Be5 33. Kxf3 Bxa1
34. Be4 1/2-1/2

[Event "C.to Italiano Semifinale"]
[Site "San Martino di Castrozza - Siror ITA"]
[Date "2003.06.28"]
[Round "8"]
[White "Baracchi, Filippo"]
[Black "Campanile, Roberto"]
[Result "0-1"]
[WhiteElo "1801"]
[BlackElo "2184"]
[PlyCount "88"]
[EventDate "2003.06.21"]

1. e4 c5 2. Nf3 d6 3. d4 cxd4 4. Nxd4 Nf6 5. Nc3 a6 6. Be2 e6 7. Be3 Qc7 8. O-O
b5 9. a3 Bb7 10. f3 Be7 11. Qe1 O-O 12. g4 Nc6 13. g5 Nd7 14. Qh4 Rfe8 15. f4
Nxd4 16. Bxd4 e5 17. Be3 exf4 18. Qxf4 Ne5 19. Bd4 Bf8 20. Bh5 g6 21. Bg4 Bg7
22. Rad1 Qc4 23. Be2 Nd3 24. cxd3 Bxd4+ 25. Kh1 Qe6 26. Rf3 Bxc3 27. bxc3 d5
28. d4 dxe4 29. Re3 Bd5 30. Qh4 Ra7 31. Rf1 f5 32. gxf6 Rf7 33. Qg5 Ref8 34.
Qe5 Rxf6 35. Rxf6 Rxf6 36. Bg4 Qd6 37. Kg2 Qxe5 38. dxe5 Rf8 39. Kg3 h6 40. Bd7
Kf7 41. a4 Ke7 42. Bg4 bxa4 43. Be2 Ke6 44. c4 Bc6 0-1

[Event "C.to Italiano Semifinale"]
[Site "San Martino di Castrozza - Siror ITA"]
[Date "2003.06.28"]
[Round "8"]
[White "Battaglia, Edoardo"]
[Black "Guclu, Yaman"]
[Result "1/2-1/2"]
[WhiteElo "1600"]
[BlackElo "1771"]
[PlyCount "79"]
[EventDate "2003.06.21"]

1. e4 c5 2. Nc3 Nc6 3. g3 g6 4. Bg2 Bg7 5. d3 d6 6. Be3 e6 7. Qd2 Qa5 8. f4
Nge7 9. Nf3 O-O 10. O-O Nd4 11. Nxd4 cxd4 12. Nd1 Qa6 13. Bf2 Bd7 14. c3 Nc6
15. cxd4 Nxd4 16. Nc3 Rac8 17. Rfe1 Rc7 18. Rac1 Rfc8 19. e5 Nb5 20. d4 Nxc3
21. bxc3 dxe5 22. dxe5 Bc6 23. Bxc6 Qxc6 24. Bd4 Bf8 25. Qg2 Qa6 26. Qe2 Qa4
27. Qb2 b6 28. Qb3 Rc4 29. Red1 Qa5 30. Rb1 Ra4 31. Rb2 Ra3 32. Qc2 Bc5 33. Qf2
Rxc3 34. Bxc5 R3xc5 35. Qe2 Qa3 36. Rbd2 Rc1 37. Rxc1 Qxc1+ 38. Rd1 Rc2 39. Qd3
Qb2 40. Qd8+ 1/2-1/2

[Event "C.to Italiano Semifinale"]
[Site "San Martino di Castrozza - Siror ITA"]
[Date "2003.06.28"]
[Round "8"]
[White "Brignone, Roberto"]
[Black "Rossi, Giampiero"]
[Result "1-0"]
[WhiteElo "2149"]
[BlackElo "2052"]
[PlyCount "43"]
[EventDate "2003.06.21"]

1. e4 c5 2. Nf3 e6 3. d4 cxd4 4. Nxd4 a6 5. Bc4 Qc7 6. Bb3 Nf6 7. Nc3 Bb4 8.
Bd2 Bxc3 9. Bxc3 Nxe4 10. Bb4 Nc5 11. Qh5 b6 12. O-O-O O-O 13. Rhe1 d6 14. Re3
Nbd7 15. Rg3 Ne5 16. Rh3 h6 17. Bd2 Ned3+ 18. Kb1 Nxf2 19. Rg3 Nfe4 20. Bxh6
Nxg3 21. hxg3 gxh6 22. Qxh6 1-0

[Event "C.to Italiano Semifinale"]
[Site "San Martino di Castrozza - Siror ITA"]
[Date "2003.06.28"]
[Round "8"]
[White "Calisi, Elia"]
[Black "Pechy, Alaster"]
[Result "0-1"]
[WhiteElo "1600"]
[BlackElo "2115"]
[PlyCount "128"]
[EventDate "2003.06.21"]

1. c4 e5 2. Nc3 Nc6 3. g3 g6 4. Bg2 Bg7 5. e4 d6 6. Nge2 Nge7 7. a3 a5 8. d3
O-O 9. O-O f5 10. f4 Kh8 11. Rb1 Ng8 12. Qc2 Nce7 13. b4 axb4 14. axb4 c6 15.
Bb2 Qb6+ 16. Kh1 Qxb4 17. Ba1 Qa5 18. Qb2 exf4 19. Rxf4 Nf6 20. exf5 Bxf5 21.
Qxb7 Ra7 22. Qb2 Bxd3 23. Rbf1 Qe5 24. Qd2 Bxe2 25. Qxe2 Rxa1 26. Rxa1 Qxc3 27.
Re1 Nf5 28. Qf2 h5 29. Bxc6 Bh6 30. Rf3 Qxc4 31. Bb7 Qb5 32. Be4 Nxe4 33. Rxe4
Re8 34. Rxe8+ Qxe8 35. h3 Qe4 36. Kh2 Bg7 37. Rf4 Qe5 38. Kh1 Qa5 39. Kh2 Qe5
40. Kh1 Bh6 41. Rf3 Bg7 42. g4 hxg4 43. hxg4 Nh6 44. Qg2 Qe1+ 45. Kh2 Qh4+ 46.
Rh3 Be5+ 47. Kh1 Qe1+ 48. Qg1 Qxg1+ 49. Kxg1 Kg7 50. Kg2 Nxg4 51. Kf3 Nf6 52.
Rh1 g5 53. Re1 Kg6 54. Re2 Kf5 55. Rf2 Bf4 56. Rg2 g4+ 57. Ke2 d5 58. Kd3 g3
59. Kd4 Kg5 60. Rg1 Kg4 61. Kd3 Kh3 62. Ke2 Kg4 63. Rf1 g2 64. Rf2 g1=Q 0-1

[Event "C.to Italiano Semifinale"]
[Site "San Martino di Castrozza - Siror ITA"]
[Date "2003.06.28"]
[Round "8"]
[White "Cazzaniga, Walter"]
[Black "Valenti, Giuseppe"]
[Result "1/2-1/2"]
[WhiteElo "2094"]
[BlackElo "2226"]
[PlyCount "83"]
[EventDate "2003.06.21"]

1. d4 Nf6 2. c4 c5 3. d5 e6 4. Nc3 exd5 5. cxd5 d6 6. e4 g6 7. h3 Bg7 8. Nf3
O-O 9. Bd3 Re8 10. O-O c4 11. Bc2 b5 12. Nxb5 Nxe4 13. Re1 Qb6 14. Rxe4 Rxe4
15. Bxe4 Qxb5 16. Nd4 Qe8 17. Bf3 Nd7 18. Be3 Ne5 19. Rc1 Bb7 20. b3 Rc8 21.
Nc6 c3 22. Nxa7 c2 23. Rxc2 Nxf3+ 24. gxf3 Rxc2 25. Qxc2 Bxd5 26. Qc8 Qxc8 27.
Nxc8 Be6 28. Nxd6 Bxh3 29. a4 Bf8 30. Nc4 Bd7 31. a5 Bb5 32. Bf4 Bb4 33. Bd2
Bxc4 34. Bxb4 Bxb3 35. a6 Bd5 36. Kg2 f5 37. Bd2 Kf7 38. Kg3 Ke6 39. Be3 Kf6
40. f4 h6 41. Bd4+ Kf7 42. Kh4 1/2-1/2

[Event "C.to Italiano Semifinale"]
[Site "San Martino di Castrozza - Siror ITA"]
[Date "2003.06.28"]
[Round "8"]
[White "Cocchi, Andrea"]
[Black "Di Paolo, Raffaele"]
[Result "1/2-1/2"]
[WhiteElo "2311"]
[BlackElo "2320"]
[PlyCount "88"]
[EventDate "2003.06.21"]

1. Nf3 d6 2. e4 c5 3. c3 Nf6 4. Be2 e5 5. O-O Be7 6. Re1 O-O 7. d3 Nc6 8. Nbd2
Ne8 9. d4 cxd4 10. cxd4 exd4 11. Nb3 Nf6 12. Bb5 Bg4 13. Bxc6 bxc6 14. Nbxd4
Rc8 15. h3 Bd7 16. e5 dxe5 17. Nxe5 c5 18. Nxd7 Qxd7 19. Nf3 Qxd1 20. Rxd1 c4
21. Be3 Bc5 22. Bxc5 Rxc5 23. Rac1 Rb8 24. Rd2 g6 25. Rdc2 Nd5 26. Nd2 Ra5 27.
Nxc4 Rxa2 28. Rd2 Nf4 29. Kh2 Rc8 30. Rc3 h5 31. g3 Ne6 32. Ra3 Rxa3 33. Nxa3
Rb8 34. Nc4 Rb4 35. Ne5 h4 36. Nc6 hxg3+ 37. fxg3 Rb7 38. Nd8 Nxd8 39. Rxd8+
Kg7 40. Rd2 f5 41. Kg2 Kf6 42. Rd6+ Kf7 43. Kf3 g5 44. b4 Rxb4 1/2-1/2

[Event "C.to Italiano Semifinale"]
[Site "San Martino di Castrozza - Siror ITA"]
[Date "2003.06.28"]
[Round "8"]
[White "Damia, Angelo"]
[Black "Rossato, Armando"]
[Result "1-0"]
[WhiteElo "1991"]
[BlackElo "2192"]
[PlyCount "73"]
[EventDate "2003.06.21"]

1. e4 Nc6 2. d4 d5 3. e5 Bf5 4. c3 h5 5. Bd3 Bxd3 6. Qxd3 e6 7. Nf3 Nh6 8. Bxh6
Rxh6 9. Nbd2 Qd7 10. O-O-O O-O-O 11. Kb1 Kb8 12. Nb3 Be7 13. Nc5 Bxc5 14. dxc5
Rg6 15. g3 Rg4 16. h3 Re4 17. Rhe1 Qe7 18. b4 f6 19. exf6 Qxf6 20. Nd4 Ne5 21.
Qf1 Rxd4 22. cxd4 Nf3 23. Re3 Nxd4 24. f4 a6 25. Qd3 Nc6 26. a3 d4 27. Re4 Qf5
28. Rde1 Ne7 29. Kc2 Qd5 30. Qb3 d3+ 31. Kb2 Qc6 32. Qxe6 d2 33. Rd1 Qa4 34.
Qb3 Qd7 35. Re2 Nf5 36. Qc3 Qa4 37. Rdxd2 1-0